Countries Currently with the Most People in Slavery - Statistics

General Stats
  • This quiz has been taken 121 times
  • The average score is 13 of 20
Answer Stats
Population Country % Correct
18,350,000 India
93%
3,390,000 China
89%
1,050,000 Russia
82%
2,130,000 Pakistan
78%
1,530,000 Bangladesh
74%
870,000 Nigeria
74%
870,000 Democratic Republic of Congo
73%
740,000 Indonesia
70%
500,000 Iran
69%
400,000 Iraq
69%
1,100,000 North Korea
69%
450,000 Sudan
69%
430,000 Thailand
66%
380,000 Mexico
61%
570,000 Egypt
56%
430,000 Ethiopia
56%
520,000 Myanmar
54%
400,000 Philippines
53%
480,000 Turkey
48%
1,240,000 Uzbekistan
29%
No matching quizzes found
Score Distribution
Percent of People with Each Score
Percentile by Number Answered
Your Score History
You have not taken this quiz